000
00272nam a2200109Ia 4500
008
230627s9999 xx 000 0 und d
041
_a
mar
082
_a
344.01
_b
PAT
100
_a
Patel D. A.
245
_a
Law Of Industrial Disputes
260
_a
Pune
_b
Hind Law House
_c
2004
999
_c
690550
_d
690550